Catálogo
 En Linea

Lecturas para viajeros: (Registro nro. 54293)

Detalles MARC
000 -CABECERA
campo de control de longitud fija 01270nam a2200289 i 4500
003 - IDENTIFICADOR DEL NÚMERO DE CONTROL
campo de control DO-SdBNP
005 - FECHA Y HORA DE LA ÚLTIMA TRANSACCIÓN
campo de control 20240418073801.0
006 - CÓDIGOS DE INFORMACIÓN DE LONGITUD FIJA--CARACTERÍSTICAS DEL MATERIAL ADICIONAL
campo de control de longitud fija a||||er|||| 00| 0
007 - CAMPO FIJO DE DESCRIPCIÓN FÍSICA--INFORMACIÓN GENERAL
campo de control de longitud fija ta
008 - DATOS DE LONGITUD FIJA--INFORMACIÓN GENERAL
campo de control de longitud fija 230801t2019 dr |||| |||| 00| j spa d
020 ## - NÚMERO INTERNACIONAL ESTÁNDAR DEL LIBRO
Número Internacional Estándar del Libro 9789993475330
040 ## - FUENTE DE LA CATALOGACIÓN
Centro catalogador/agencia de origen DO-SdBNP
Lengua de catalogación spa
Centro/agencia transcriptor BNPHU
Normas de descripción rda
082 #4 - NÚMERO DE LA CLASIFICACIÓN DECIMAL DEWEY
Número de edición 22
Número de documento/Ítem C697L
100 1# - ENTRADA PRINCIPAL--NOMBRE DE PERSONA
Nombre de persona Collado, Miguel A.,
Fechas asociadas al nombre 1954-
9 (RLIN) 24696
245 ## - MENCIÓN DE TÍTULO
Título Lecturas para viajeros:
Resto del título (cuentos y relatos muy breves). /
Mención de responsabilidad, etc. Miguel Collado
264 #4 - PRODUCCIÓN, PUBLICACIÓN, DISTRIBUCIÓN, FABRICACIÓN Y COPYRIGHT
Producción, publicación, distribución, fabricación y copyright Santo Domingo :
Nombre del de productor, editor, distribuidor, fabricante CEDIBIL,
Fecha de producción, publicación, distribución, fabricación o copyright ©2019
300 ## - DESCRIPCIÓN FÍSICA
Extensión 126 páginas ;
Dimensiones 18 cm.
336 ## - TIPO DE CONTENIDO
Fuente rdacontent
Término de tipo de contenido texto
Código de tipo de contenido txt
337 ## - TIPO DE MEDIO
Fuente rdamedia
Nombre/término del tipo de medio sin mediación
Código del tipo de medio n
338 ## - TIPO DE SOPORTE
Fuente rdacarrier
Nombre/término del tipo de soporte volumen
Código del tipo de soporte nc
490 ## - MENCIÓN DE SERIE
Mención de serie Narrativa ;
Designación de volumen o secuencia 7
500 ## - NOTA GENERAL
Nota general Incluye datos biográficos del autor en la solapa de la cubierta.
505 ## - NOTA DE CONTENIDO CON FORMATO
Nota de contenido con formato Prefacio Narrativo.
Título Contando la historia.--Extraño amor.-- Un filántropo.-- El libro de los secretos.-- Realidad onírica.-- El valiente general.-- Triste está la reina.-- La extraña mirada.-- Imitando a Superman.-- Atrapado en un sueño.-- Pescador pescado.--Síndrome del miembro fantasma.-- El retorno a la Tierra.-- Cuando recobró la razón.
590 ## - NOTA LOCAL (RLIN)
Nota local Inventariado 2023 / MF
830 ## - PUNTO DE ACCESO ADICIONAL DE SERIE-TÍTULO UNIFORME
Título uniforme Publicaciones de CEDIBIL ;
Lenguaje de la obra spa
Número de parte o sección de la obra no.. 38
9 (RLIN) 83852
942 ## - ELEMENTOS DE PUNTO DE ACCESO ADICIONAL (KOHA)
Fuente del sistema de clasificación o colocación Dewey Decimal Classification
Tipo de ítem Koha Libro
Existencias
Estado de retiro Estado de pérdida Fuente del sistema de clasificación o colocación Restricciones de uso No para préstamo Código de colección Localización permanente Ubicación/localización actual Ubicación en estantería Fecha de adquisición Fuente de adquisición Total de préstamos Signatura topográfica completa Código de barras Fecha visto por última vez Precio válido a partir de Tipo de ítem Koha
    Dewey Decimal Classification Excluido de préstamo   Patrimonio Dominicano Biblioteca Nacional Pedro Henríquez Ureña Biblioteca Nacional Pedro Henríquez Ureña En catalogación 05.12.2022 Depósito Legal   C697L 2023-5116 01.08.2023 01.08.2023 Libro

Con tecnología Koha